000
00370nam a2200157 a 4500
001
3378
005
20140414131910.0
008
040721s19uu xx 00 eng d
020
_a
1570820538
050
_a
ER
_b
W72 1997
245
_a
Disney's Winnie the pooh.
260
_a
New York :
_b
Mouse Works.
300
_a
93
650
_a
Children stories.
999
_c
111143
_d
111143